000 00689nam a2200277Ia 4500
005 20260324145316.0
008 008 260324s9999 xx 000 0 eng d
020 _a9781315848570
037 _aEBOOK
040 _aCRL
040 _beng
040 _cCRL
041 _2eng
041 _aeng
084 _qCRL
100 _aJohn Eyles; Kevin Woods
_91222511
245 4 _aThe Social Geography of Medicine and Health (RLE Social & Cultural Geography)
260 _bTaylor and Francis
260 _c1983
365 _a
365 _b145
856 _uhttp://www.taylorfrancis.com/books/9781315848570
942 _cEBOOK
999 _c1830225
_d1830225